Greening Video Distribution Networks Energy-Efficient Internet Video Delivery /

This insightful text presents a guide to video distribution networks (VDNs), providing illuminating perspectives on reducing power consumption in IP-based video networks from an authoritative selection of experts in the field. A particular focus is provided on aspects of architectures, models, Inter...

Πλήρης περιγραφή

Λεπτομέρειες βιβλιογραφικής εγγραφής
Συγγραφή απο Οργανισμό/Αρχή: SpringerLink (Online service)
Άλλοι συγγραφείς: Popescu, Adrian (Επιμελητής έκδοσης, http://id.loc.gov/vocabulary/relators/edt)
Μορφή: Ηλεκτρονική πηγή Ηλ. βιβλίο
Γλώσσα:English
Έκδοση: Cham : Springer International Publishing : Imprint: Springer, 2018.
Έκδοση:1st ed. 2018.
Σειρά:Computer Communications and Networks,
Θέματα:
Διαθέσιμο Online:Full Text via HEAL-Link
LEADER 05021nam a2200601 4500
001 978-3-319-71718-0
003 DE-He213
005 20191022072435.0
007 cr nn 008mamaa
008 180130s2018 gw | s |||| 0|eng d
020 |a 9783319717180  |9 978-3-319-71718-0 
024 7 |a 10.1007/978-3-319-71718-0  |2 doi 
040 |d GrThAP 
050 4 |a QA76.76.R44 
050 4 |a TK5105.5956 
072 7 |a UYD  |2 bicssc 
072 7 |a COM067000  |2 bisacsh 
072 7 |a UYD  |2 thema 
072 7 |a UKR  |2 thema 
082 0 4 |a 004.24  |2 23 
245 1 0 |a Greening Video Distribution Networks  |h [electronic resource] :  |b Energy-Efficient Internet Video Delivery /  |c edited by Adrian Popescu. 
250 |a 1st ed. 2018. 
264 1 |a Cham :  |b Springer International Publishing :  |b Imprint: Springer,  |c 2018. 
300 |a XII, 227 p. 91 illus., 81 illus. in color.  |b online resource. 
336 |a text  |b txt  |2 rdacontent 
337 |a computer  |b c  |2 rdamedia 
338 |a online resource  |b cr  |2 rdacarrier 
347 |a text file  |b PDF  |2 rda 
490 1 |a Computer Communications and Networks,  |x 1617-7975 
505 0 |a Video Distribution Networks: Architectures and System Requirements -- Energy-Efficient Management and Control in Video Distribution Networks -- Video Distribution Networks: Models and Performance -- Energy-Aware Software Video Encoding in Head-End -- Reducing Power Consumption in Mobile Terminals -- Software Measurement of Energy Consumption on Smartphones -- Energy-Efficiency in Wireless Multimedia Sensor Networking: Architecture, Management and Security -- Energy-Efficient Routing in SDN-Based Access Networks -- Towards Greening SDN Networks -- Estimates of the Economic Impact of Energy Savings in the End-to-End Chain for Video Services. 
520 |a This insightful text presents a guide to video distribution networks (VDNs), providing illuminating perspectives on reducing power consumption in IP-based video networks from an authoritative selection of experts in the field. A particular focus is provided on aspects of architectures, models, Internet protocol television (IPTV), over-the-top (OTT) video content, video on demand (VoD) encoding and decoding, mobile terminals, wireless multimedia sensor networks (WMSNs), software defined networking (SDN), and techno-economic issues. Topics and features: Reviews the fundamentals of video over IP distribution systems, and the trade-offs between network/service performance and energy efficiency in VDNs Describes the characterization of the main elements in a video distribution chain, and techniques to decrease energy consumption in software-based VoD encoding Introduces an approach to reduce power consumption in mobile terminals during video playback, and in data center networks using the SDN paradigm Discusses the strengths and limitations of different methods for measuring the energy consumption of mobile devices Proposes optimization methods to improve the energy efficiency of WMSNs, and a routing algorithm that reduces energy consumption while maintaining the bandwidth Presents an economic analysis of the savings yielded by approaches to minimize energy consumption of IPTV and OTT video content services The broad coverage and practical insights offered in this timely volume will be of great value to all researchers, practitioners and students involved with computer and telecommunication systems. Dr. Adrian Popescu is an Emeritus Professor at the Faculty of Computing at Blekinge Institute of Technology, Karlskrona, Sweden. 
650 0 |a Computer software-Reusability. 
650 0 |a Computer system failures. 
650 0 |a Renewable energy resources. 
650 0 |a Optical data processing. 
650 0 |a Application software. 
650 0 |a Sustainable development. 
650 1 4 |a Performance and Reliability.  |0 http://scigraph.springernature.com/things/product-market-codes/I12077 
650 2 4 |a System Performance and Evaluation.  |0 http://scigraph.springernature.com/things/product-market-codes/I13049 
650 2 4 |a Renewable and Green Energy.  |0 http://scigraph.springernature.com/things/product-market-codes/111000 
650 2 4 |a Image Processing and Computer Vision.  |0 http://scigraph.springernature.com/things/product-market-codes/I22021 
650 2 4 |a Information Systems Applications (incl. Internet).  |0 http://scigraph.springernature.com/things/product-market-codes/I18040 
650 2 4 |a Sustainable Development.  |0 http://scigraph.springernature.com/things/product-market-codes/U34000 
700 1 |a Popescu, Adrian.  |e editor.  |4 edt  |4 http://id.loc.gov/vocabulary/relators/edt 
710 2 |a SpringerLink (Online service) 
773 0 |t Springer eBooks 
776 0 8 |i Printed edition:  |z 9783319717173 
776 0 8 |i Printed edition:  |z 9783319717197 
776 0 8 |i Printed edition:  |z 9783319890975 
830 0 |a Computer Communications and Networks,  |x 1617-7975 
856 4 0 |u https://doi.org/10.1007/978-3-319-71718-0  |z Full Text via HEAL-Link 
912 |a ZDB-2-SCS 
950 |a Computer Science (Springer-11645)